00351nam a22001217a 4500020001800000040000900018082001700027100002000044245006900064260004200133300003300175700002100208 a9781260459098 cNUST a621.042bKAN aKanoglu, Mehmet aEnergy Efficiency and Management for Engineers /cMehmet Kanoglu aUSA :bMcGraw Hill Education ,c2020. a646p. ;bHardbinding,c26cm. aCengel, Yunus A.